00533 2200217 4500001002100000005001500021007000300036008004100039020002200080035002000102082001400122084002000136100001400156245003300170250001100203260004500214300002600259600001000285990001000295990001000305INLIS00000000001089620230516044236ta230516 e 1 ind  a978-602-064-782-1 a0010-0523000017 a899.221.3 a899.221.3 TER s0 aTere Liye1 aSelamat tinggal /cTere Liye aCet. 8 aJakarta :bGramedia pustaka utama,c2020 a360 hlm ;c13 x 20 cm 4aFiksi a55432 a55433